Memoria Anual 1999
Αποθηκεύτηκε σε:
| Συλλογικό Έργο: | , |
|---|---|
| Μορφή: | Βιβλίο |
| Γλώσσα: | Ισπανικά |
| Έκδοση: |
Santiago
CORCHILE
1999
|
| Έκδοση: | 1a. ed |
| Θέματα: | |
| Ετικέτες: |
Προσθήκη ετικέτας
Δεν υπάρχουν, Καταχωρήστε ετικέτα πρώτοι!
|
MARC
| LEADER | 00000nam a2200000 a 4500 | ||
|---|---|---|---|
| 001 | UCJ8186 | ||
| 003 | CL-VaPUC | ||
| 008 | 070124e19990000CL |||||||||||||||||spa|d | ||
| 082 | 0 | 4 | |a 918.3 |b COR |2 21 |
| 110 | 2 | |a CORCHILE |e author |9 516898 | |
| 710 | 2 | |a Corporación para la Regionalización de Chile |e author |9 516899 | |
| 245 | 1 | 0 | |a Memoria Anual 1999 |
| 250 | |a 1a. ed | ||
| 942 | |c BK | ||
| 945 | |d 20070124 00:00:00 |a rinostro | ||
| 260 | |a Santiago |b CORCHILE |c 1999 | ||
| 500 | |a Ilustraciones sin indizar | ||
| 650 | 0 | |a Geografía de Chile |9 268295 | |
| 650 | 0 | |a Regionalización |9 255465 | |
| 650 | 0 | |a Ilustraciones |9 369481 | |
| 650 | 0 | |a Prensa y periodismo |z Chile |9 504409 | |
| 583 | |a last modification |c 20070124 00:00:00 |k Rodrigo Vera | ||
| 999 | |c 323975 |d 323973 | ||
| 952 | |0 0 |1 0 |4 0 |6 918_300000000000000_COR_1999 |7 0 |8 X |9 403850 |a FDOBUD |b FDOBUD |d 2019-11-22 |i 1074202 |o 918.3 COR 1999 |p 1074202 |r 2019-11-22 |w 2019-11-22 |y BK_X |k BUD | ||